| 000 | 00793cam a2200277 a 4500 | ||
|---|---|---|---|
| 001 | 14761848 | ||
| 005 | 20180316044223.0 | ||
| 008 | 070308s2006 mau b 000 0 eng d | ||
| 010 | _a 2005907604 | ||
| 020 | _a0312419112 | ||
| 020 | _a9780312419110 | ||
| 035 | _a(OCoLC)ocm72684443 | ||
| 035 | _a(OCoLC)72684443 | ||
| 040 |
_aWAU _cWAU _dDLC |
||
| 041 | _aeng | ||
| 042 | _alccopycat | ||
| 080 | _a371 | ||
| 082 | _2371 REY | ||
| 100 | 1 | _a25 | |
| 101 | _aEDU | ||
| 245 | 1 | 0 |
_aPortfolio teaching : _cNedra Reynolds, Rich Rice. |
| 504 | _aIncludes bibliographical references (p. 77-79). | ||
| 906 |
_a7 _bcbc _ccopycat _d3 _encip _f20 _gy-gencatlg |
||
| 942 |
_2ddc _cBK |
||
| 999 |
_c45215 _d45215 |
||